[Event "World ol U16"]
[Site "Ahmedabad"]
[Date "2017.12.11"]
[Round "1.10"]
[White "Tamang, Lakpa Dorje"]
[Black "Badelka, Olga"]
[Result "0-1"]
[WhiteElo "1573"]
[BlackElo "2388"]
[PlyCount "64"]
[EventDate "2017.12.11"]
[EventType "team-swiss"]
[EventRounds "9"]
[EventCountry "IND"]
[SourceTitle "CBM 182 Extra"]
[Source "ChessBase"]
[SourceDate "2018.02.23"]
[SourceVersion "1"]
[SourceVersionDate "2018.02.23"]
[SourceQuality "1"]
[WhiteTeam "Nepal II"]
[BlackTeam "Belarus"]
[WhiteTeamCountry "NEP"]
[BlackTeamCountry "BLR"]

1. d4 Nf6 2. Bf4 g6 3. Nc3 Bg7 4. e4 d6 5. Nf3 0-0 6. Qd2 c5 7. Bh6 cxd4 8. Bxg7 dxc3 9. Qh6 Ng4 10. Qh4 Kxg7 11. Ng5 h6 12. Nf3 cxb2 13. Rb1 Qa5+ 14. Nd2 Nc6 15. Be2 Nf6 16. Qg3 Nxe4 17. Qd3 Bf5 18. g4 Nb4 19. Qd4+ e5 20. Qxb2 Nxa2 21. c3 Nxd2 22. Qxd2 Bxb1 23. h4 Rac8 24. g5 h5 25. Qxd6 Qxc3+ 26. Kf1 e4 27. Bxh5 Qd3+ 28. Qxd3 Bxd3+ 29. Be2 Rc1+ 30. Kg2 Rxh1 31. Kxh1 Bxe2 32. Kg2 b5 0-1